Green for go (Record no. 69265)

MARC details
000 -LEADER
fixed length control field 01198cam a2200277 4500
001 - CONTROL NUMBER
control field ABS64937
008 - FIXED-LENGTH DATA ELEMENTS--GENERAL INFORMATION
fixed length control field 020114n2001 000 0 eng u
035 ## - SYSTEM CONTROL NUMBER
System control number (Sirsi) u116277
100 ## - MAIN ENTRY--PERSONAL NAME
Personal name Lawson, D
245 ## - TITLE STATEMENT
Title Green for go
260 ## - PUBLICATION, DISTRIBUTION, ETC.
Date of publication, distribution, etc. 2001
490 ## - SERIES STATEMENT
Series statement Property Week
Volume/sequential designation 66(51) 21 December 2001, 42-48(7)
520 ## - SUMMARY, ETC.
Summary, etc. Special report on planning. Presents the industry's response to the planning green paper including the changes they wanted to see incorporated. Discusses Land Securities'proposed Coppergate Riverside scheme in York and the different stances of CABE and English Heritage. Concludes with a comprehensive look at the proposals in the planning green paper which include measures to speed up the planning system and simplify national planning policy.
590 ## - LOCAL NOTE (RLIN)
Local note ABS
650 ## - SUBJECT ADDED ENTRY--TOPICAL TERM
Topical term or geographic name entry element TRANSPORT
650 ## - SUBJECT ADDED ENTRY--TOPICAL TERM
Topical term or geographic name entry element REGENERATION
650 ## - SUBJECT ADDED ENTRY--TOPICAL TERM
Topical term or geographic name entry element PLANNING INQUIRIES
650 ## - SUBJECT ADDED ENTRY--TOPICAL TERM
Topical term or geographic name entry element REFORM
650 ## - SUBJECT ADDED ENTRY--TOPICAL TERM
Topical term or geographic name entry element PLANNING SYSTEM
650 ## - SUBJECT ADDED ENTRY--TOPICAL TERM
Topical term or geographic name entry element PLANNING POLICY
650 ## - SUBJECT ADDED ENTRY--TOPICAL TERM
Topical term or geographic name entry element COPPERGATE RIVERSIDE
650 ## - SUBJECT ADDED ENTRY--TOPICAL TERM
Topical term or geographic name entry element ENGLISH HERITAGE
650 ## - SUBJECT ADDED ENTRY--TOPICAL TERM
Topical term or geographic name entry element COMMISSION FOR ARCHITECTURE AND THE BUILT ENVIRONMENT
690 ## - LOCAL SUBJECT ADDED ENTRY--TOPICAL TERM (OCLC, RLIN)
Topical term or geographic name as entry element ENVIRONMENTAL AND LAND CONSULTANCY-PLANNING AND DEVELOPMENT
942 ## - ADDED ENTRY ELEMENTS (KOHA)
Suppress in OPAC 0
Holdings
Withdrawn status Lost status Source of classification or shelving scheme Damaged status Not for loan Home library Current library Shelving location Date acquired Total Checkouts Full call number Barcode Date last seen Copy number Price effective from Koha item type
    Dewey Decimal Classification     London London Journal article 14/01/2002   ABS64937 116277-1001 06/08/2019 1 06/08/2019 Journal article